000 02282nam a2200277 a 4500
001 BRCA_8950
005 20190320210453.0
008 040717s1716----sp-#######---#000-0#spa-#
041 _aspa
044 _asp
084 _aLE7
_b.D65 1716
100 1 _aDolz del Castellar, Estevan
_922242
245 1 0 _aAño virgíneo
_bcuyos días son, finezas de la Gran Rina del Cielo María Santissima, Virgen, Madre del Altissimo, succedidas en aquellos mismos días, que se refieren: añadense a estas trecientos y sesenta y seis Exemplos, con otras tantas Exhortaciones Oraciones, Exercicios, y Elogios, Sacados de los Santos Padres, para quien le preciare de Devoto de esta Amabilissima Señora, no passe día del año sin atributarle algún particular obsequio
_csu autor el Doctor Don Estevan Dolz Del Castellar; Corregido, y enmendado en esta quarta Impression, según el Expurgatorio del año de 1707; Dedicada al Illmo. y Rmo. Señor Don Francisco de Valero y Lossa; quarta parte.
260 _aMadrid
_bpor Antonio Gonzalez de Reyes
_c1716
300 _a447 p. (t.4)
_c19.8 x 15.5 cm
500 _aCon privilegio
500 _aEstado físico: presenta encuadernación en pergamino, con cantos pintados y deteriorados, con lomo semi desprendido y carece de rotas
500 _aCon marca de fuego: “Procedencia de la marca: Colegio Jesuita de San Francisco Xavier de la Ciudad de Querétaro (1). Institución: Provincia Mexicana de la Compañía de Jesús. Descripción: Iniciales S. Xr. Q. que se desata como S[an] X[avie]r [de] Q[uerétaro.]. Observaciones: A falta de un testimonio de pertenencia se hace la atribución de la marca en función a la realizada por David Saavedra Vega. Se espera localizar otro ejemplar que corrobore esta atribución. Ubicación de la marca en el libro: Canto superior”
600 1 4 _aMaría, Virgen
_xSermones
_yObras anteriores a 1800
_922243
650 1 4 _aCalendario litúrgico
_yObras anteriores a 1800
_921834
700 1 _aGonzalez de Reyes, Antonio
_eImpresor
_922244
700 1 _aValero y Lossa, Francisco de
_922245
856 _ahttp://www.marcasdefuego.buap.mx:8180/xmLibris/projects/firebrand/item.jsp?repository=marcas_de_fuego&key=marcas_de_fuego_marcas_de_fuego_20151006120916_4064.xml&num=5
902 _aCFM
942 _2lcc
_cB
999 _c8601
_d8601